| 000 | 00754amm a2200277a 44500 | ||
|---|---|---|---|
| 008 | 210923s2021 cat | ||
| 041 | _acat | ||
| 110 |
_aTERMCAT _960609 |
||
| 245 | _aL'erupció volcànica | ||
| 245 | _cTERMCAT, Centre de Terminologia. | ||
| 245 | _h[en línia] | ||
| 260 | _aBarcelona | ||
| 260 | _bTERMCAT, Centre de Terminologia | ||
| 260 | _c2021 | ||
| 300 |
_a1 infografia _bil. |
||
| 500 | _btermcat | ||
| 520 | _a8 | ||
| 592 | _aObra terminològica | ||
| 593 | _aCC | ||
| 650 |
_avulcanologia _975097 |
||
| 856 | _uhttps://www.termcat.cat/ca/recursos/productes-multimedia/lerupcio-volcanica | ||
| 901 | _ccop. <2021> | ||
| 902 | _a210923 | ||
| 942 |
_cMO _n0 |
||
| 999 |
_c67933 _d67933 |
||